Statistiques concernant Pokemon unite Les 57 pokemon

Cliquez ici pour prendre le quiz!

Statistiques générales

  • Ce quiz a été pris 46 fois
    (24 depuis la dernière actualisation)
  • Le résultat moyen est 39 sur 57

Statistiques - réponses

Réponse% Correct
DRACAUFEU
100%
FLORIZARRE
100%
LUCARIO
93%
PIKACHU
93%
PYROBUT
93%
TORTANK
93%
MEW
87%
ZERAORA
87%
CARCHACROK
80%
FEUNARD
80%
DRACOLOSSE
80%
ECTOPLASMA
80%
LÉZARGUS
80%
ZACIAN
80%
AMPHINOBI
73%
BLANCOTON
73%
CRABARAQUE
73%
FLAMBUSARD
73%
GRODOUDOU
73%
MACKOGNEUR
73%
RONFLEX
73%
SHIFOURS
73%
ABSOL
67%
ARCHÉDUC
67%
FLAGADOSS
67%
GARDEVOIR
67%
GOUPELIN
67%
LANSSORIEN
67%
LEUPHORIE
67%
MENTALI
67%
MUPLODOCUS
67%
NIGOSIER
67%
NOCTALI
67%
NYMPHALI
67%
PHYLLALI
67%
RONGRIGOU
67%
TYRANOCIF
67%
ZOROARK
67%
CIZAYOX
60%
DESSÉLIANDE
60%
EXAGIDE
60%
HOOPA
60%
LUGULABRE
60%
MAMMOCHON
60%
MÉLODELFE
60%
M. MIME
60%
AZUMARILL
53%
DODRIO
53%
DURALUGON
53%
GIVRALI
53%
GUÉRILANDE
53%
LOKHLASS
53%
MOUSCOTO
53%
SUCREINE
53%
MEWTWO X
47%
MEWTWO Y
47%
TÉNÉFIX
47%

Distribution des résultats

Percentile par nombre de réponses

% des personnes avec chaque résultat

Votre développement - résultats

Vous n’avez pas pris ce quiz depuis la dernière actualisation